Green Day’s Album by picture - Statistics

General Stats
  • This quiz has been taken 89 times
  • The average score is 10 of 14
Answer Stats
Picture Answer % Correct
American Idiot
96%
Dookie
94%
Nimrod
88%
21st Century Breakdown
87%
Kerplunk
83%
Saviors
83%
Warning
83%
Insomniac
82%
Revolution Radio
77%
39/Smooth
65%
Father of All Motherfuckers
62%
¡Dos!
32%
¡Tré!
32%
¡Uno!
32%
No matching quizzes found
Score Distribution
Percent of People with Each Score
Percentile by Number Answered
Your Score History
You have not taken this quiz